[Event "28th WSCC Open 65 2018"]
[Site "Bled"]
[Date "2018.11.27"]
[Round "9"]
[White "Werner, Clemens"]
[Black "Lisenko, Alexander V"]
[Result "1-0"]
[WhiteElo "2266"]
[BlackElo "2334"]
[Annotator "RC"]
[PlyCount "123"]
[EventDate "2018.11.17"]
[EventType "swiss"]
[EventCountry "SLO"]
[SourceTitle "playchess.com"]
[Source "ChessBase"]
[SourceQuality "1"]
[TimeControl "40/5400+30:1800+30"]

1. e4 {[%emt 0:00:00]} c5 {[%emt 0:00:00]} 2. Nf3 {[%emt 0:00:00]} Nc6 {[%emt 0:00:00]} 3. c3 {[%emt 0:00:05]} d5 {[%emt 0:00:00]} 4. exd5 {[%emt 0:00:11]} Qxd5 {[%emt 0:00:00]} 5. d4 {[%emt 0:00:06]} e6 {[%emt 0:01:37]} 6. Na3 {[%emt 0:01:14]} a6 {[%emt 0:09:49]} 7. Nc4 {[%emt 0:07:10]} Qd8 {[%emt 0:03:52]} 8. Bg5 {[%emt 0:15:54]} f6 {[%emt 0:04:29]} 9. Be3 {[%emt 0:02:13]} b5 {[%emt 0:00:21]} 10. Ncd2 {[%emt 0:00:19]} cxd4 {[%emt 0:03:22]} 11. Nxd4 {[%emt 0:05:21]} Nxd4 {[%emt 0:03:25]} 12. cxd4 {[%emt 0:00:23]} Bb7 {[%emt 0:05:17]} 13. a4 {[%emt 0:05:24]} Qd5 {[%emt 0:12:34]} 14. axb5 {[%emt 0:07:05]} axb5 {[%emt 0:00:41]} 15. Rxa8+ {[%emt 0:00:21]} Bxa8 {[%emt 0:00:03]} 16. Qb3 {[%emt 0:09:16]} Qxb3 {[%emt 0:07:42]} 17. Nxb3 {[%emt 0:00:02]} Kf7 {[%emt 0:09:16]} 18. f3 {[%emt 0:00:54]} Bd5 {[%emt 0:01:48]} 19. Nd2 {[%emt 0:07:45]} b4 {[%emt 0:09:29]} 20. Bd3 {[%emt 0:00:50]} Bd6 {[%emt 0:01:16]} 21. Kf2 {[%emt 0:06:01]} Ne7 {[%emt 0:00:22]} 22. Ne4 {[%emt 0:04:33]} Bb8 {[%emt 0:05:16]} 23. Ng3 {[%emt 0:04:04]} Bb7 {[%emt 0:06:21]} 24. Ra1 {[%emt 0:02:54]} Rd8 {[%emt 0:00:56]} 25. Ne2 {[%emt 0:00:41]} Nd5 {[%emt 0:06:35]} 26. g3 {[%emt 0:01:38]} Rc8 {[%emt 0:01:01]} 27. Bd2 {[%emt 0:05:07]} f5 {[%emt 0:02:58]} 28. Nc1 {[%emt 0:03:22]} Kf6 {[%emt 0:01:16]} 29. f4 {[%emt 0:01:03]} h6 {[%emt 0:00:26]} 30. h4 {[%emt 0:00:39]} Bd6 {[%emt 0:01:08]} 31. Ra7 {[%emt 0:00:55]} Bc6 {[%emt 0:01:06]} 32. Nb3 {[%emt 0:01:03]} Ra8 {[%emt 0:00:32]} 33. Rxa8 {[%emt 0:00:22]} Bxa8 {[%emt 0:00:02]} 34. Nc5 {[%emt 0:00:28]} Ke7 {[%emt 0:00:43]} 35. Bc4 {[%emt 0:00:18]} Nf6 {[%emt 0:01:01]} 36. Bxb4 {[%emt 0:00:37]} Nd5 {[%emt 0:01:51]} 37. Bxd5 {[%emt 0:00:36]} Bxd5 {[%emt 0:00:08]} 38. Nd3 {[%emt 0:00:18]} Bxb4 {[%emt 0:00:56]} 39. Nxb4 {[%emt 0:00:05]} Be4 {[%emt 0:00:05]} 40. Ke3 {[%emt 0:00:00]} Kf6 {[%emt 0:00:00]} 41. Nd3 {[%emt 0:01:12]} g5 {[%emt 0:00:27]} 42. Ne5 {[%emt 0:02:32]} gxh4 {[%emt 0:00:20]} 43. gxh4 {[%emt 0:00:06]} Ke7 {[%emt 0:05:00]} 44. Kd2 {[%emt 0:01:42]} Kd6 {[%emt 0:03:20]} 45. Kc3 {[%emt 0:11:16]} Bg2 {[%emt 0:04:31]} 46. Nc4+ {[%emt 0:02:28]} Kc6 {[%emt 0:03:19]} 47. Ne3 {[%emt 0:00:45]} Be4 {[%emt 0:02:57]} 48. Kb4 {[%emt 0:00:42]} Kb6 {[%emt 0:00:37]} 49. Kc4 {[%emt 0:00:17]} Kc6 {[%emt 0:06:07]} 50. Nd1 {[%emt 0:00:28]} Bg2 {[%emt 0:02:08]} 51. Nc3 {[%emt 0:00:06]} Bf1+ {[%emt 0:00:09]} 52. Kb4 {[%emt 0:00:07]} Kb6 {[%emt 0:00:35]} 53. d5 {[%emt 0:00:52]} exd5 {[%emt 0:05:00]} 54. Nxd5+ {[%emt 0:00:18]} Kc6 {[%emt 0:01:00]} 55. Ne7+ {[%emt 0:03:16]} Kd6 {[%emt 0:01:18]} 56. Nxf5+ {[%emt 0:00:12]} Ke6 {[%emt 0:00:07]} 57. Ng3 {[%emt 0:01:26]} Ba6 {[%emt 0:01:32]} 58. Kc5 {[%emt 0:00:16]} Bb7 {[%emt 0:01:32]} 59. b4 {[%emt 0:00:21]} Ba8 {[%emt 0:00:13]} 60. b5 {[%emt 0:01:39]} Bf3 {[%emt 0:00:12]} 61. Kb6 {[%emt 0:01:51]} Bd5 {[%emt 0:01:21]} 62. Kc7 {[%emt 0:00:09]} 1-0

[Event "28th WSCC Open 65 2018"]
[Site "Bled"]
[Date "2018.11.27"]
[Round "9"]
[White "Barle, Janez"]
[Black "Tunik, Gennady"]
[Result "1/2-1/2"]
[WhiteElo "2259"]
[BlackElo "2365"]
[Annotator "TA"]
[PlyCount "155"]
[EventDate "2018.11.17"]
[EventType "swiss"]
[EventCountry "SLO"]
[SourceTitle "playchess.com"]
[Source "ChessBase"]
[SourceQuality "1"]

{[%evp 23,155,20,25,27,37,28,31,59,51,23,18,18,45,34,70,58,75,67,72,64,85,60,60,64,122,110,111,109,108,96,116,129,119,111,91,112,107,89,267,178,366,104,287,187,187,187,187,187,170,170,187,186,187,186,186,0,275,202,210,163,188,175,168,132,132,132,144,144,159,159,159,159,192,159,222,212,279,288,298,312,293,285,293,274,427,422,541,551,557,543,550,551,550,550,550,550,593,535,517,508,1213,1202,1053,1127,1088,1070,981,878,29971,29969,29978,608,608,604,542,497,445,0,0,0,0,0,0,0,0,0,0,0,0,0,0,0,0,0]} 1. d4 Nf6 2. Nf3 e6 3. Bg5 Be7 4. Nbd2 d5 5. e3 Nbd7 6. Bd3 c5 7. c3 b6 8. O-O Bb7 9. Ne5 Nxe5 10. dxe5 Nd7 11. Bxe7 Qxe7 12. f4 O-O-O 13. Nf3 {D03: 1 d4 d5 2 Nf3 Nf6 3 Bg5, including Torre Attack with early ...d5} f6 14. Bb5 a6 15. Bxd7+ {White is slightly better.} Rxd7 {[#]} 16. Qb3 $146 ({Predecessor:} 16. b4 d4 17. exd4 cxb4 18. Rb1 bxc3 19. Rxb6 Rc7 20. Qb3 Bxf3 21. gxf3 Rb7 22. Qxc3+ Kb8 23. Rfb1 {1-0 (23) Hebden,M (2534)-Simpson,J (2245) Torquay 2002}) 16... Kc7 17. a4 a5 18. Qc2 Ba6 19. Rfb1 f5 20. b4 Rb8 21. Rb2 Rdd8 22. Rab1 h6 23. Nd2 {[%cal Bf3d2,Bd2b3,Bb3d4][%mdl 32]} g5 ({Black should try} 23... Qd7 $14) 24. Nb3 axb4 25. cxb4 c4 26. Nd4 gxf4 27. exf4 Kd7 28. Qc3 Rg8 29. Qe3 Ra8 30. Kh1 Rgb8 $2 (30... Ke8 $16) 31. a5 b5 $2 {[#]} (31... bxa5 {might work better.} 32. b5 (32. bxa5 Rxb2 33. Rxb2 Bc8 $16) 32... Bb7) 32. Rc1 $2 (32. g4 $1 $18 {[%mdl 512]}) 32... Bc8 $2 (32... Rg8 $16 {was necessary.}) 33. Qh3 Kc7 34. Qxh6 Bd7 {If only Black now had time for ...Rh8....} 35. Qh3 Rh8 36. Qe3 Kd8 37. Nf3 Bc8 38. Qb6+ Qc7 {intending ...Qxb6.} 39. Qe3 $2 ({Much less strong is} 39. Qxb5 $6 Bd7 $16) ({White should play} 39. Qf2 $18) 39... Ke7 $2 {[%mdl 8192]} (39... Qe7 $1 $11 {and Black has nothing to worry.}) 40. Ra2 Bd7 41. Ng5 Rh4 42. h3 Qa7 43. Qxa7 Rxa7 44. g3 Rh8 45. Rd2 Bc6 46. Kg1 Rd7 47. Rd4 Rdd8 48. Kf2 Rdg8 (48... Be8 $16 49. Ke3 Ra8) 49. Ke3 Rxh3 50. Nxh3 Rxg3+ 51. Kd2 Rxh3 $18 {[%mdl 4096] Endgame KRR-KRB} 52. Rc3 Rh2+ {[#]} 53. Kc1 $1 Ra2 (53... Kd7 $142 54. Rg3 Bb7 55. Rg7+ Kc8) 54. Rh3 Ra1+ 55. Kb2 Ra4 56. Rh7+ Kd8 57. Rd1 Rxb4+ 58. Kc2 Ra4 59. Rg1 Be8 60. Rg8 b4 61. Rhh8 Kc7 (61... Ra2+ $142 62. Kb1 Rxa5 63. Rxe8+ Kd7) 62. Rxe8 Kc6 63. Rc8+ Kb5 64. Rc7 Ra2+ 65. Kb1 Rxa5 66. Rb8+ Ka4 67. Rcb7 (67. Kb2 $142 Rb5 68. Ra7+ Ra5 69. Rab7 c3+ 70. Ka2 Rb5 71. Rxb5 c2 72. Rxb4+ Ka5 73. Kb3 c1=N+ 74. Ka3 Ne2 75. Ra8#) 67... Kb3 68. Rxb4+ Kc3 69. Rb2 d4 {[%cal Bd5d4,Bd4d3][%mdl 32]} 70. Ra2 $2 ({Better is} 70. R8b6 $18 {Strongly threatening Ra2.} d3 71. Rxe6) 70... Rxa2 $11 {The position is equal.} 71. Kxa2 {KR-KP} d3 72. Kb1 Kd2 73. Rb2+ Kd1 {White must now prevent ...c3.} 74. Rh2 {Threatening mate with Kb2.} c3 {...c2+ is the strong threat.} 75. Rh1+ Kd2 76. Rh2+ Kd1 77. Rh1+ Kd2 78. Rh2+ {Accuracy: White = 60%, Black = 40%.} 1/2-1/2

[Event "28th WSCC Open 65 2018"]
[Site "Bled"]
[Date "2018.11.27"]
[Round "9"]
[White "Herbrechtsmeier, Christof"]
[Black "Renman, Nils-Gustaf"]
[Result "0-1"]
[WhiteElo "2247"]
[BlackElo "2351"]
[Annotator "NA"]
[PlyCount "64"]
[EventDate "2018.11.17"]
[EventType "swiss"]
[EventCountry "SLO"]
[SourceTitle "playchess.com"]
[Source "ChessBase"]
[SourceQuality "1"]
[TimeControl "40/5400+30:1800+30"]

1. e4 {[%emt 0:00:00]} e6 {[%emt 0:00:00]} 2. d4 {[%emt 0:00:00]} d5 {[%emt 0:00:00]} 3. Nc3 {[%emt 0:00:00]} Nf6 {[%emt 0:00:00]} 4. Bg5 {[%emt 0:00:00]} Bb4 {[%emt 0:00:09]} 5. e5 {[%emt 0:00:10]} h6 {[%emt 0:00:07]} 6. Bd2 {[%emt 0:00:32]} Bxc3 {[%emt 0:00:09]} 7. bxc3 {[%emt 0:00:14]} Ne4 {[%emt 0:00:07]} 8. Bd3 {[%emt 0:00:17]} Nxd2 {[%emt 0:00:25]} 9. Qxd2 {[%emt 0:03:48]} c5 {[%emt 0:00:16]} 10. f4 {[%emt 0:00:09]} Qa5 {[%emt 0:04:03]} 11. Nf3 {[%emt 0:00:38]} Nc6 {[%emt 0:00:55]} 12. h4 {[%emt 0:02:26] C12: French: Classical System: McCutcheon Variation} h5 {[%emt 0:08:22]} 13. c4 $146 {[%emt 0:00:09]} ({Predecessor:} 13. Rb1 c4 14. Be2 Qxa2 15. Kf2 Qa3 16. Rbg1 Bd7 17. g4 hxg4 18. Rxg4 Qf8 19. Rhg1 g6 {½-½ (50) Degraeve,J (2525)-Rajlich,I (2420) Cappelle-la-Grande 1998}) 13... dxc4 {[%emt 0:04:53]} 14. Be4 {[%emt 0:03:04]} Bd7 {[%emt 0:06:16]} 15. Bxc6 {[%emt 0:06:21]} Qxd2+ {[%emt 0:00:09]} 16. Nxd2 {[%emt 0:02:01]} Bxc6 {[%emt 0:00:06]} 17. Nxc4 {[%emt 0:00:42]} Ke7 {[%emt 0:11:31]} 18. Nd6 {[%emt 0:06:55]} cxd4 {[%emt 0:00:37]} 19. O-O {[%emt 0:01:19]} f6 {[%emt 0:06:57]} 20. Rfd1 {[%emt 0:06:56]} Rh6 {[%emt 0:15:23]} 21. Kh2 {[%emt 0:08:36]} Rg6 {[%emt 0:01:06]} 22. g3 {[%emt 0:00:42]} Rg4 {[%emt 0:01:42]} 23. Rf1 {[%emt 0:11:25]} Rf8 {[%emt 0:04:19]} 24. Rae1 {[%emt 0:00:50]} b6 {[%emt 0:02:33]} 25. Ne4 {[%emt 0:03:38]} Rc8 {[%emt 0:05:34]} 26. Nd6 {[%emt 0:02:28]} Rc7 {[%emt 0:01:59]} 27. Rf2 {[%emt 0:00:24]} Ba4 {[%emt 0:08:29]} 28. Ree2 {[%emt 0:03:29]} Rc3 {[%emt 0:00:19]} 29. Ne4 {[%emt 0:02:03]} Ra3 {[%emt 0:00:24]} 30. f5 {[%emt 0:04:28]} fxe5 {[%emt 0:02:58]} 31. fxe6 $2 {[%emt 0:07:45]} (31. Ng5 Raxg3 32. Rxe5) 31... Kxe6 {[%emt 0:03:30]} 32. c3 $19 {[%emt 0:09:04]} (32. Ng5+ $142 Kd5 33. Rf5) 32... Rxc3 {[%emt 0:04:02]} 0-1

[Event "28th WSCC Open 65 2018"]
[Site "Bled"]
[Date "2018.11.27"]
[Round "9"]
[White "Frick, Christoph"]
[Black "Jansa, Vlastimil"]
[Result "0-1"]
[WhiteElo "2186"]
[BlackElo "2437"]
[Annotator "TA"]
[PlyCount "98"]
[EventDate "2018.11.17"]
[EventType "swiss"]
[EventCountry "SLO"]
[SourceTitle "playchess.com"]
[Source "ChessBase"]
[SourceQuality "1"]

{[%evp 9,98,6,32,23,47,46,52,38,44,36,46,45,55,-12,-14,-12,-16,-10,-9,-12,-8,-13,-12,-15,-13,-9,0,-4,14,-10,19,-16,0,-4,0,0,0,0,7,0,0,0,0,-15,-19,-11,-15,-547,-79,-599,-566,-690,-669,-600,0,-111,14,51,40,0,0,0,0,0,0,0,0,0,0,0,0,0,0,0,0,0,0,0,0,0,0,-930,-799,-902,-856,-1025,-1024,-1131,-1063,-963,-923]} 1. d4 Nf6 2. Bf4 g6 3. Nc3 d5 4. Qd2 c6 5. Nf3 Bf5 (5... Nbd7 6. Bh6 Bxh6 7. Qxh6 Qa5 8. a3 Nf8 9. Ne5 Be6 10. b4 Qc7 11. e3 N8d7 12. Nxd7 Bxd7 13. Bd3 {0-1 (69) Romanov,E (2573)-Bachmann,A (2593) Berlin 2015}) 6. Ne5 {D00: 1 d4 d5: Unusual lines} Nbd7 7. f3 Bg7 8. g4 {White is slightly better.} Be6 9. h4 h5 {[%cal Rh5g4]} 10. g5 Nh7 {[%cal Bf6h7,Bh7f8,Bf8e6][%mdl 32]} 11. e3 $146 (11. Nxd7 $14 Bxd7 12. e4) ({Predecessor:} 11. Nxd7 Qxd7 12. O-O-O O-O 13. Kb1 Rfd8 {0-1 (74) Drazic,S (2474)-Godena,M (2488) Milan 2002}) 11... Nxe5 $11 12. Bxe5 Bxe5 13. dxe5 Nf8 14. Ne2 Qc7 15. f4 O-O-O 16. O-O-O Bg4 17. Bh3 Bxh3 18. Rxh3 Ne6 19. Rh2 Rd7 20. Rf2 Rhd8 21. Qc3 Ng7 22. Ng3 e6 23. Rfd2 b6 24. b3 c5 25. Kb2 Qc6 26. a4 Ne8 27. Qd3 Nc7 28. c4 $2 {[%mdl 8192]} (28. Ne2 $11 {and White has nothing to worry.}) 28... a6 $2 (28... dxc4 $19 {and Black stays clearly on top.} 29. Qe2 Rxd2+ 30. Rxd2 Rxd2+ 31. Qxd2 cxb3) 29. e4 $2 {[%mdl 8192]} (29. Qc2 $17 {keeps some hope.}) 29... dxc4 $19 30. Qxd7+ Rxd7 31. Rxd7 c3+ $2 ({Black should try} 31... cxb3 $19 32. Rd8+ Kb7 33. Kxb3 c4+ 34. Kc3 Qxa4) 32. Kxc3 {[#]} (32. Kc2 $1 $11 {was the only way to keep the balance.} c4 33. R7d4) 32... Qxd7 (32... Nd5+ $1 $17 33. R7xd5 exd5 34. Rxd5 (34. exd5 Qd7 $17) 34... b5) 33. Rxd7 $11 Kxd7 {[%mdl 4096] Endgame KN-KN} 34. Kc4 Kc6 35. f5 b5+ 36. axb5+ axb5+ 37. Kd3 {Black must now prevent fxg6.} Kd7 38. Ne2 exf5 39. exf5 gxf5 {And now ...Ke6 would win.} 40. Nf4 Ne6 41. Nxh5 Ke7 42. Ng3 Nf4+ 43. Kd2 Ke6 44. h5 Kxe5 {Threatens to win with ...Ne6.} 45. Ke3 $2 {[%mdl 8192]} (45. h6 $11) 45... Ne6 $19 {Black is clearly winning.} 46. Ne2 f4+ 47. Kd3 Nxg5 48. Nc3 b4 49. Na4 {[#]} Ne6 $1 {Accuracy: White = 46%, Black = 62%.} 0-1

[Event "28th WSCC Open 65 2018"]
[Site "Bled"]
[Date "2018.11.27"]
[Round "9"]
[White "Kierzek, Matthias"]
[Black "Kiefer, Gerhard"]
[Result "0-1"]
[WhiteElo "2182"]
[BlackElo "2306"]
[Annotator "ChessBase"]
[PlyCount "80"]
[EventDate "2018.11.17"]
[EventType "swiss"]
[EventCountry "SLO"]
[SourceTitle "playchess.com"]
[Source "ChessBase"]
[SourceQuality "1"]
[TimeControl "40/5400+30:1800+30"]

1. d4 {[%emt 0:00:00]} Nf6 {[%emt 0:00:00]} 2. c4 {[%emt 0:00:00]} g6 {[%emt 0:00:00]} 3. Nc3 {[%emt 0:00:04]} Bg7 {[%emt 0:00:00]} 4. e4 {[%emt 0:00:12]} d6 {[%emt 0:00:00]} 5. Be2 {[%emt 0:00:06]} O-O {[%emt 0:00:03]} 6. Bg5 {[%emt 0:00:04]} c5 {[%emt 0:00:59]} 7. d5 {[%emt 0:00:13]} e6 {[%emt 0:00:08]} 8. Nf3 {[%emt 0:00:42]} exd5 {[%emt 0:00:10]} 9. cxd5 {[%emt 0:00:05]} a6 {[%emt 0:00:22]} 10. a4 {[%emt 0:00:10]} h6 {[%emt 0:00:13]} 11. Bh4 {[%emt 0:00:13]} g5 {[%emt 0:00:28]} 12. Bg3 {[%emt 0:00:07]} Nh5 {[%emt 0:00:05]} 13. Nd2 {[%emt 0:03:31]} Nxg3 {[%emt 0:00:22]} 14. hxg3 {[%emt 0:00:11]} Nd7 {[%emt 0:21:01]} 15. Nc4 {[%emt 0:08:22]} Qf6 {[%emt 0:02:10]} 16. O-O {[%emt 0:05:28]} Ne5 {[%emt 0:04:07]} 17. Ne3 {[%emt 0:03:55]} Re8 {[%emt 0:06:14]} 18. Qc2 {[%emt 0:19:26]} Bd7 {[%emt 0:06:50]} 19. Nf5 {[%emt 0:07:56]} Bxf5 {[%emt 0:00:50]} 20. exf5 {[%emt 0:00:03]} g4 {[%emt 0:00:16]} 21. Rfc1 {[%emt 0:02:35]} Rad8 {[%emt 0:01:37]} 22. a5 {[%emt 0:03:14]} h5 {[%emt 0:00:20]} 23. Ra3 {[%emt 0:02:28]} Bh6 {[%emt 0:01:17]} 24. Rd1 {[%emt 0:00:38]} h4 {[%emt 0:07:01]} 25. gxh4 {[%emt 0:02:42]} Qxh4 {[%emt 0:00:11]} 26. Ne4 {[%emt 0:01:03]} Kg7 {[%emt 0:19:42]} 27. f6+ {[%emt 0:12:17]} Kh8 {[%emt 0:00:06]} 28. Rb3 {[%emt 0:09:47]} Rg8 {[%emt 0:01:26]} 29. Ng3 {[%emt 0:00:27]} Bf4 {[%emt 0:05:59]} 30. Qf5 {[%emt 0:01:26]} Bxg3 {[%emt 0:08:00]} 31. fxg3 {[%emt 0:02:17]} Qh6 {[%emt 0:00:10]} 32. Qf4 {[%emt 0:05:42]} Qh5 {[%emt 0:00:47]} 33. Rxb7 {[%emt 0:00:30]} Rg5 {[%emt 0:03:14]} 34. Bd3 {[%emt 0:02:03]} Nxd3 {[%emt 0:02:38]} 35. Rxd3 {[%emt 0:00:05]} Rf5 {[%emt 0:00:13]} 36. Qe3 {[%emt 0:01:57]} Re5 {[%emt 0:01:25]} 37. Qf4 {[%emt 0:02:26]} Re1+ {[%emt 0:00:35]} 38. Kf2 {[%emt 0:00:08]} Qh1 {[%emt 0:00:06]} 39. Qh6+ {[%emt 0:01:09]} Qxh6 {[%emt 0:00:08]} 40. Kxe1 {[%emt 0:00:00]} Qxf6 {[%emt 0:00:00]} 0-1

[Event "28th WSCC Open 65 2018"]
[Site "Bled"]
[Date "2018.11.28"]
[Round "10"]
[White "Sveshnikov, Evgeny"]
[Black "Balashov, Yuri S"]
[Result "1/2-1/2"]
[WhiteElo "2496"]
[BlackElo "2445"]
[Annotator "TA"]
[PlyCount "44"]
[EventDate "2018.11.17"]
[EventType "swiss"]
[EventCountry "SLO"]
[SourceTitle "playchess.com"]
[Source "ChessBase"]
[SourceQuality "1"]

{[%evp 23,44,20,28,0,0,-20,0,0,19,20,10,8,18,26,28,-13,0,0,-9,-9,-1,-9,-2]} 1. e4 e5 2. Nf3 Nc6 3. Bc4 Nf6 {[%cal Bg8f6,Bf6d5,Bd5f4,Bf4d3][%mdl 32]} 4. Ng5 d5 5. exd5 Na5 6. Bb5+ c6 7. dxc6 bxc6 8. Bd3 Nd5 {C58: Two Knights: 4 Ng5 d5 5 exd5 Na5 sidelines} 9. Nf3 Bd6 10. O-O Nf4 11. Re1 Nxd3 12. cxd3 O-O {LiveBook: 49 Games} 13. b4 $146 ({Predecessor:} 13. Nc3 Re8 14. b4 Bxb4 15. Nxe5 Ba6 16. Bb2 {1-0 (31) Zeng,C (2532)-Wen,Y (2596) Tianjin 2018}) 13... Bxb4 14. Bb2 Qxd3 15. Nxe5 Qf5 16. Qa4 Bc5 17. d4 Bb6 $1 ({Wrong is} 17... Rb8 $2 18. Bc3 $18) 18. Nd2 f6 19. Nec4 Ba6 {The position is equal.} 20. Nxb6 axb6 21. Bc3 Qd5 22. Qb4 Nc4 {Accuracy: White = 56%, Black = 64%.} 1/2-1/2

[Event "28th WSCC Open 65 2018"]
[Site "Bled"]
[Date "2018.11.28"]
[Round "10"]
[White "Rashkovsky, Nukhim N"]
[Black "Buchal, Stephan"]
[Result "1-0"]
[WhiteElo "2482"]
[BlackElo "2288"]
[Annotator "TA"]
[PlyCount "57"]
[EventDate "2018.11.17"]
[EventType "swiss"]
[EventCountry "SLO"]
[SourceTitle "playchess.com"]
[Source "ChessBase"]
[SourceQuality "1"]

{[%evp 13,57,18,24,17,34,43,43,43,43,35,37,37,38,38,58,59,74,54,73,72,86,77,106,100,116,108,117,30,35,18,33,48,105,98,109,82,301,276,439,386,462,451,441,417,426,431]} 1. d4 g6 2. Nf3 Bg7 3. g3 d6 4. Bg2 Nf6 5. O-O O-O 6. a4 c6 7. a5 Nbd7 8. c4 {A49: 1 d4 Nf6 2 Nf3 g6 3 g3: Anti-King's Indian systems} Ne4 $146 (8... e5 9. Nc3 Re8 10. d5 cxd5 11. cxd5 b6 12. Nd2 a6 13. axb6 Nxb6 14. Nb3 Bf5 15. Na5 Qc8 {1-0 (47) Rashkovsky,N (2483)-Buchal,S (2329) Dresden 2018}) ({Predecessor:} 8... Re8 9. Nc3 e5 10. e4 Rb8 11. Re1 Qe7 12. h3 h6 13. Be3 b5 14. axb6 axb6 15. d5 cxd5 16. cxd5 {1-0 (54) Gonzalez,R (2451)-Perez Ponsa,F (2577) chess.com INT 2017}) 9. Ng5 Nxg5 10. Bxg5 {White is slightly better.} h6 11. Be3 Nf6 12. Nc3 Qc7 13. h3 Bd7 14. Qd2 Kh7 15. b4 Rfe8 16. Rfc1 Rac8 17. b5 cxb5 18. Nxb5 Bxb5 19. cxb5 Qd7 20. b6 (20. a6 $1 $16 {Strongly threatening Rxc8.} bxa6 21. bxa6) 20... axb6 21. axb6 d5 22. Qa5 e6 {[#]} ({Black should try} 22... g5 $14) 23. Bf4 $1 $16 Ng8 {[#]} 24. e3 $1 {Black must now prevent Bc7.} Rxc1+ $2 (24... Ne7 $16 {was necessary.}) 25. Rxc1 $18 Rc8 (25... g5 $142) 26. Bc7 Bf8 27. Qa7 Bd6 28. Qxb7 Nf6 29. Bf1 {Accuracy: White = 77%, Black = 28%.} 1-0

[Event "28th WSCC Open 65 2018"]
[Site "Bled"]
[Date "2018.11.28"]
[Round "10"]
[White "Jansa, Vlastimil"]
[Black "Vogt, Lothar"]
[Result "1/2-1/2"]
[WhiteElo "2437"]
[BlackElo "2359"]
[Annotator "TA"]
[PlyCount "27"]
[EventDate "2018.11.17"]
[EventType "swiss"]
[EventCountry "SLO"]
[SourceTitle "playchess.com"]
[Source "ChessBase"]
[SourceQuality "1"]

{[%evp 22,27,25,33,33,30,38,17]} 1. e4 c5 2. Nf3 d6 3. d4 cxd4 4. Nxd4 Nf6 5. Nc3 g6 6. g3 Bg7 7. Bg2 O-O 8. O-O Nc6 9. Nde2 Rb8 10. a4 a6 11. Nd5 Nd7 12. c3 {LiveBook: 45 Games. B70: Sicilian Dragon: 6 g3 and 6 Be2 (without a later Be3)} e6 (12... b5 13. axb5 axb5 14. Nd4 Nde5 15. f4 Nxd4 16. fxe5 Nc6 17. exd6 exd6 18. Be3 Ne5 19. Ra7 Be6 20. Kh1 Nc4 21. Bc1 Kh8 {½-½ (29) Baklan,V (2646)-Jianu,V (2531) Eforie Nord 2009}) 13. Ne3 Nf6 14. Nd4 $146 ({Predecessor:} 14. Bd2 b5 15. axb5 axb5 16. Nd4 Nxd4 17. cxd4 Bb7 18. Ba5 Qd7 19. Qd3 Rfc8 {0-1 (30) Popovic,P (2496)-Mueller,K (2523) Germany 2010}) 1/2-1/2

[Event "28th WSCC Open 65 2018"]
[Site "Bled"]
[Date "2018.11.28"]
[Round "10"]
[White "Tunik, Gennady"]
[Black "Frick, Christoph"]
[Result "1-0"]
[WhiteElo "2365"]
[BlackElo "2186"]
[Annotator "RC"]
[PlyCount "79"]
[EventDate "2018.11.17"]
[EventType "swiss"]
[EventCountry "SLO"]
[SourceTitle "playchess.com"]
[Source "ChessBase"]
[SourceQuality "1"]
[TimeControl "40/5400+30:1800+30"]

1. d4 d5 2. c4 c6 3. Nf3 Nf6 4. Nc3 dxc4 5. a4 Bf5 6. Ne5 Nbd7 7. Nxc4 Nb6 8. Ne5 Nfd7 9. Nd3 Bxd3 10. Qxd3 a5 11. e4 e6 12. Be2 Bb4 13. O-O O-O 14. Rd1 Qe7 15. Qg3 Kh8 16. Bg5 f6 17. Be3 f5 18. e5 Qf7 19. f4 Rfd8 20. Qf2 Nf8 21. h3 Ng6 22. Kh2 Ne7 23. Qf3 Rd7 24. Bf2 Rad8 25. Na2 Ned5 26. Nc1 Be7 27. Nb3 Nb4 28. Nxa5 Nc2 29. Rac1 Nxd4 30. Rxd4 Rxd4 31. Nxb7 R8d5 32. Bxd4 Rxd4 33. Rxc6 Nd5 34. Rc8+ Bf8 35. Nd6 Qg8 36. Bc4 g5 37. Bxd5 exd5 38. Qh5 gxf4 39. Nf7+ Kg7 40. Qh6+ 1-0

[Event "28th WSCC Open 65 2018"]
[Site "Bled"]
[Date "2018.11.28"]
[Round "10"]
[White "Renman, Nils-Gustaf"]
[Black "Werner, Clemens"]
[Result "1/2-1/2"]
[WhiteElo "2351"]
[BlackElo "2266"]
[Annotator "NA RC"]
[PlyCount "47"]
[EventDate "2018.11.17"]
[EventType "swiss"]
[EventCountry "SLO"]
[SourceTitle "playchess.com"]
[Source "ChessBase"]
[SourceQuality "1"]
[TimeControl "40/5400+30:1800+30"]

1. d4 Nf6 2. Nf3 g6 3. c4 Bg7 4. Nc3 O-O 5. e4 d6 6. Be2 e5 7. Be3 exd4 8. Nxd4 Re8 9. f3 c6 10. Bf2 d5 11. exd5 cxd5 12. O-O Nc6 13. c5 Nh5 14. Qd2 Be5 15. g3 Ng7 16. Rfe1 Ne6 17. Nxe6 Bxe6 18. f4 {LiveBook: 4 Games} Bxc3 19. bxc3 Qd7 20. Bf3 h5 21. Rad1 Bg4 22. Bxg4 Rxe1+ $11 23. Rxe1 hxg4 24. Rd1 1/2-1/2

[Event "28th WSCC Open 65 2018"]
[Site "Bled"]
[Date "2018.11.28"]
[Round "10"]
[White "Lisenko, Alexander V"]
[Black "Privara, Igor"]
[Result "0-1"]
[WhiteElo "2334"]
[BlackElo "2207"]
[Annotator "RC"]
[PlyCount "72"]
[EventDate "2018.11.17"]
[EventType "swiss"]
[EventCountry "SLO"]
[SourceTitle "playchess.com"]
[Source "ChessBase"]
[SourceQuality "1"]
[TimeControl "40/5400+30:1800+30"]

1. c4 e6 2. Nf3 d5 3. g3 c5 4. cxd5 exd5 5. d4 Nc6 6. Bg2 Nf6 7. O-O Be7 8. Nc3 O-O 9. Bf4 c4 10. Ne5 Bf5 11. g4 Nxg4 12. Nxd5 Ngxe5 13. dxe5 Bc5 14. Qc1 Bd4 15. Bg3 Re8 16. Rd1 Bxe5 17. Ne3 Qf6 18. Bxe5 Nxe5 19. Bxb7 Rab8 20. Bg2 Be6 21. Rd2 h5 22. Qc3 h4 23. h3 Qg5 24. Kh1 Ng6 25. Rg1 Qf4 26. Nd1 Red8 27. e3 Qe5 28. Rd4 Rxd4 29. exd4 Qf5 30. Ne3 Qxf2 31. d5 Bd7 32. Nxc4 Nf4 33. Qe5 Re8 34. Qg5 Ne2 35. Rd1 Bxh3 36. Rd2 Qg1# 0-1